| 000 | 01002cam a2200253 4500 | ||
|---|---|---|---|
| 001 | ABS66778 | ||
| 008 | 030625n2003 000 0 eng u | ||
| 035 | _a(Sirsi) u122748 | ||
| 100 | _aCharles, G. | ||
| 245 | _aTrophy acquisition | ||
| 260 | _c2003 | ||
| 490 |
_aInside Housing _v20(20) 23 May 2003, 30-31(2) |
||
| 520 | _aExamines the range of quality schemes for which social landlords and other housing and public sector organisations are eligible. Profiles the principal schemes: the Excellence Model, Charter Mark, Investors in People and ISO 9001:2000 as well as reviewing the new sector-specific schemes which are in development. Summarises the value of quality marks to the organisation. | ||
| 590 | _aABS | ||
| 650 | _aQUALITY MARK | ||
| 650 | _aSOCIAL LANDLORDS | ||
| 650 | _aHOUSING SERVICE | ||
| 650 | _aEXCELLENCE MODEL | ||
| 650 | _aCHARTERMARK | ||
| 650 | _aISO 9001: 2000 | ||
| 650 | _aINVESTORS IN PEOPLE | ||
| 690 | _aMANAGEMENT-BUSINESS MANAGEMENT | ||
| 942 | _n0 | ||
| 999 |
_c72928 _d72928 |
||